[Event "Vilnius op-B"]
[Site "Vilnius"]
[Date "2023.07.06"]
[Round "2"]
[White "Agafonov, Yuri"]
[Black "Vainermanas, Berelis"]
[Result "1-0"]
[WhiteElo "2077"]
[BlackElo "1678"]
[PlyCount "51"]
[EventDate "2023.07.05"]
[EventType "swiss"]
[EventRounds "9"]
[EventCountry "LTU"]
[SourceTitle "EXT 2024"]
[Source "ChessBase"]
[SourceDate "2023.10.10"]
[SourceVersion "1"]
[SourceVersionDate "2023.10.10"]
[SourceQuality "1"]

1. d4 d5 2. Bg5 f6 3. Bc1 Nc6 4. Nc3 Be6 5. e4 Bf7 6. exd5 Bxd5 7. Nxd5 Qxd5 8. c3 0-0-0 9. Qf3 Qa5 10. Bd2 e5 11. Qf5+ Kb8 12. Nf3 Nge7 13. Qc2 Qb6 14. dxe5 Nxe5 15. Nxe5 fxe5 16. Bd3 Nd5 17. 0-0 Nf4 18. Be4 Bc5 19. b4 Ne2+ 20. Kh1 Bxf2 21. Bg5 Be3 22. Bxd8 Ng3+ 23. hxg3 Rxd8 24. Bf5 Qh6+ 25. Bh3 g5 26. Qe4 1-0

[Event "Vilnius Steponavicius 75"]
[Site "Vilnius"]
[Date "2022.01.09"]
[Round "7.4"]
[White "Vazgauskas, Povilas"]
[Black "Vainermanas, Berelis"]
[Result "0-1"]
[WhiteElo "1507"]
[BlackElo "1488"]
[PlyCount "70"]
[EventDate "2021.12.18"]
[EventType "tourn"]
[EventRounds "9"]
[EventCountry "LTU"]
[SourceTitle "EXT 2023"]
[Source "ChessBase"]
[SourceDate "2022.10.05"]
[SourceVersion "1"]
[SourceVersionDate "2022.10.05"]
[SourceQuality "1"]

1. e4 c5 2. Nf3 g6 3. Bc4 Bg7 4. Nc3 Nc6 5. 0-0 d6 6. h3 Nf6 7. Re1 0-0 8. a4 a6 9. d3 b6 10. Bg5 Qc7 11. Bxf6 exf6 12. Nd5 Qd8 13. c3 f5 14. Qd2 Ne5 15. Nxe5 dxe5 16. Kh2 f4 17. f3 Rb8 18. Qf2 Be6 19. Bxa6 Bxd5 20. exd5 Qxd5 21. Bc4 Qd8 22. Re2 Bf6 23. g3 Kg7 24. Re4 Re8 25. Rae1 Re7 26. R1e2 Qd6 27. g4 Rh8 28. h4 h6 29. Qe1 Qd8 30. Kh3 Qd7 31. Rxe5 Rxe5 32. Rxe5 h5 33. Rd5 hxg4+ 34. Kg2 gxf3+ 35. Kh2 Qg4 0-1

[Event "LTU-chT"]
[Site "Lithuania"]
[Date "2019.03.31"]
[Round "5.5"]
[White "Vainermanas, Berelis"]
[Black "Bertuzis, Kipras"]
[Result "1-0"]
[WhiteElo "1530"]
[BlackElo "1143"]
[PlyCount "113"]
[EventDate "2019.01.26"]
[EventType "team-swiss"]
[EventRounds "7"]
[EventCountry "LTU"]
[SourceTitle "CBM 189 Extra"]
[Source "ChessBase"]
[SourceDate "2019.05.31"]
[SourceVersion "1"]
[SourceVersionDate "2019.05.31"]
[SourceQuality "1"]
[WhiteTeam "Vilnius Pasaku II"]
[BlackTeam "Klaipeda Bokstas"]
[WhiteTeamCountry "LTU"]
[BlackTeamCountry "LTU"]

1. e4 e5 2. Bc4 Nc6 3. Nf3 d6 4. h3 Nf6 5. Ng5 d5 6. exd5 Nxd5 7. Nxf7 Kxf7 8. Qf3+ Qf6 9. Bxd5+ Ke7 10. Bxc6 Qxc6 11. Qxc6 bxc6 12. d3 Be6 13. Nc3 Kd7 14. Bd2 Rb8 15. b3 Bc5 16. 0-0 Bd4 17. Rad1 Rhf8 18. Ne2 c5 19. c3 c4 20. cxd4 cxb3 21. axb3 Rxb3 22. dxe5 Rb2 23. Nd4 Bb3 24. Nxb3 Rxb3 25. Be3 a6 26. d4 Rfb8 27. Ra1 Ra8 28. Rfb1 Rxb1+ 29. Rxb1 a5 30. Ra1 Ke6 31. Ra4 c5 32. dxc5 Kxe5 33. Bd2 Kd5 34. Rxa5 Rxa5 35. Bxa5 Kxc5 36. Kf1 Kd5 37. Ke2 g6 38. Ke3 Ke5 39. Bc3+ Kf5 40. g4+ Ke6 41. Ke4 Kf7 42. h4 h6 43. f4 g5 44. fxg5 hxg5 45. h5 Kg8 46. Kf5 Kh7 47. Kxg5 Kg8 48. Kg6 Kf8 49. h6 Ke7 50. h7 Kd6 51. h8Q Kd7 52. Kf5 Kc6 53. Ke5 Kb5 54. Kd5 Kb6 55. Bd4+ Kb7 56. Qd8 Ka6 57. Qb6# 1-0

[Event "Vilnius Zavanelli Memorial op-B"]
[Site "Vilnius"]
[Date "2018.10.26"]
[Round "2"]
[White "Sarauskas, Andrius"]
[Black "Vainermanas, Berelis"]
[Result "0-1"]
[WhiteElo "1764"]
[BlackElo "1496"]
[PlyCount "40"]
[EventDate "2018.10.25"]
[EventType "swiss"]
[EventRounds "7"]
[EventCountry "LTU"]
[SourceTitle "CBM 187 Extra"]
[Source "ChessBase"]
[SourceDate "2018.11.04"]
[SourceVersion "1"]
[SourceVersionDate "2018.11.04"]
[SourceQuality "1"]

1. Nf3 e6 2. g3 f5 3. Bg2 Nf6 4. 0-0 Be7 5. d3 0-0 6. Nc3 d6 7. e4 e5 8. exf5 Nc6 9. d4 Bxf5 10. a3 a5 11. d5 Na7 12. h3 Qe8 13. Nh4 Bd7 14. a4 c6 15. Be3 c5 16. Bxc5 dxc5 17. d6 Bd8 18. Re1 Nc6 19. f4 Nh5 20. Bxc6 Bxc6 0-1

[Event "Vilnius Zavanelli Memorial op-B"]
[Site "Vilnius"]
[Date "2018.10.26"]
[Round "3"]
[White "Vainermanas, Berelis"]
[Black "Grigaliunas, Sigitas"]
[Result "0-1"]
[WhiteElo "1496"]
[BlackElo "2101"]
[PlyCount "66"]
[EventDate "2018.10.25"]
[EventType "swiss"]
[EventRounds "7"]
[EventCountry "LTU"]
[SourceTitle "CBM 187 Extra"]
[Source "ChessBase"]
[SourceDate "2018.11.04"]
[SourceVersion "1"]
[SourceVersionDate "2018.11.04"]
[SourceQuality "1"]

1. e4 e5 2. Bc4 Nf6 3. d4 Nxe4 4. dxe5 Qe7 5. Qe2 Nc5 6. Nc3 c6 7. Nf3 d5 8. exd6 Qxe2+ 9. Bxe2 Bxd6 10. 0-0 Bf5 11. Nd4 Bg6 12. f4 f6 13. Bc4 b5 14. Re1+ Kd7 15. Ncxb5 cxb5 16. Bxb5+ Kc7 17. b4 Ncd7 18. Ne6+ Kb6 19. c4 Bxb4 20. Be3+ Ka5 21. Red1 Re8 22. Nc7 Rxe3 23. Nxa8 Bc3 24. Bxd7 Nxd7 25. Rd5+ Kb4 26. Rad1 Nc5 27. Nc7 Kxc4 28. f5 Bh5 29. Rc1 Nd3 30. Rf1 Re7 31. Rxd3 Kxd3 32. Ne6 Ke2 33. Rc1 Kd2 0-1

[Event "LTU-chT"]
[Site "Lithuania"]
[Date "2018.03.24"]
[Round "3.4"]
[White "Vainermanas, Berelis"]
[Black "Lengvinas, Matas"]
[Result "1-0"]
[WhiteElo "1542"]
[BlackElo "1187"]
[PlyCount "73"]
[EventDate "2018.01.27"]
[EventType "team-swiss"]
[EventRounds "7"]
[EventCountry "LTU"]
[SourceTitle "EXT 2019"]
[Source "ChessBase"]
[SourceDate "2018.10.10"]
[SourceVersion "1"]
[SourceVersionDate "2018.10.10"]
[SourceQuality "1"]
[WhiteTeam "Vilnius Pasaku II"]
[BlackTeam "Klaipeda Teisingumo"]
[WhiteTeamCountry "LTU"]
[BlackTeamCountry "LTU"]

1. e4 e5 2. Bc4 Bc5 3. Nf3 Nf6 4. 0-0 Nc6 5. d3 h6 6. Nc3 d6 7. h3 Be6 8. Nd5 Bxd5 9. Bxd5 Nxd5 10. exd5 Ne7 11. c4 Qd7 12. a3 0-0-0 13. b4 Bb6 14. a4 a6 15. b5 a5 16. Bd2 Nf5 17. Qe1 Nd4 18. Nxd4 Bxd4 19. Bxa5 Bxa1 20. Qxa1 b6 21. Bb4 Kb7 22. Qc3 Ra8 23. a5 bxa5 24. Bxa5 g5 25. Rb1 f5 26. b6 c5 27. dxc6+ Qxc6 28. d4 Qe4 29. Rd1 Qe2 30. Re1 exd4 31. Qxd4 Qa2 32. Qd5+ Ka6 33. Qb5+ Kb7 34. Re7+ Kb8 35. Qd7 Qa1+ 36. Kh2 Qe5+ 37. Rxe5 1-0